00501nam a2200085Ia 4500008004100000245005100041300024800092650000900340856006600349170517s9999 xx 000 0 und d 2aA World of Art: The Metropolitan Museum of Art aWhat makes a masterpiece? In this visually stunning high definition production, A World of Art, the magnificence of America's premier art museum lights up the screen. One of the architectural glories of New York, the Met stretches 1000 feet... xArt. uhttp://topdocumentaryfilms.com/world-art-metropolitan-museum/